Ekonomicko-právne aspekty dobrovoľníckej činnosti vo vybranej krajine bakalárska práca

Saved in:
Bibliographic Details
Main Author: Kamenár, Lukáš
Corporate Author: Národohospodárska fakulta EU. Katedra ekonómie
Other Authors: Beličková, Kornélia, 1966-
Format: Book
Language:Slovak
Published: Bratislava 2017
Tags: Add Tag
No Tags, Be the first to tag this record!

MARC

LEADER 00000nbm a2200000 4500
001 0233730
005 20180306130730.9
041 0 |a slo 
044 |a SK 
245 1 0 |a Ekonomicko-právne aspekty dobrovoľníckej činnosti vo vybranej krajine  |b bakalárska práca  |c Lukáš Kamenár ; školiteľ: Kornélia Beličková 
264 1 |a Bratislava  |c 2017 
300 |a 50 s. 
100 1 |a Kamenár, Lukáš 
700 1 |a Beličková, Kornélia, 1966- 
710 2 |a Národohospodárska fakulta EU. Katedra ekonómie